000 00697cam a22002291a 4500
999 _c2949
_d2949
001 9225900
003 GBCCL
005 20241126110443.0
008 750828s1933 pau 000 1 eng
010 _a 33020280
035 _a(OCoLC)1577194
040 _aDLC
_cFM
_dOCoLC
_dOU
_dDLC
050 0 0 _aPZ3.L8938
_bHi
_aPS3523.O645
082 _a813.54
_bLOR
100 1 _aLoring, Emilie Baker.
_95665
245 1 0 _aHilltops clear /
_cEmilie Loring.
260 _aPhiladelphia :
_bThe Penn Publishing Company,
_c1975, c1933.
300 _a247 p. ;
_c20 cm
500 _a"First printing June 1933; second printing July, 1933."
906 _a7
_bcbc
_coclcrpl
_du
_encip
_f19
_gy-gencatlg
942 _2ddc
_cBK